Hybrid techniques of NTRU and AES for improving the security of electronic medical records /
Saved in:
| Main Author: | |
|---|---|
| Format: | Thesis Book |
| Language: | English |
| Published: |
2011.
|
| Subjects: | |
| Tags: |
Add Tag
No Tags, Be the first to tag this record!
|
| LEADER | 01089cam a2200265 a 4500 | ||
|---|---|---|---|
| 001 | u863287 | ||
| 003 | SIRSI | ||
| 005 | 201208300946 | ||
| 008 | 120830s2011 my a t 000 0 eng m | ||
| 040 | |a UMM | ||
| 090 | |a QA76 |b UM 2011 Ala | ||
| 100 | 1 | |a Alanazi, Hamdan Owaid R. | |
| 245 | 1 | 0 | |a Hybrid techniques of NTRU and AES for improving the security of electronic medical records / |c Alanazi, Hamdan Owaid R. |
| 260 | |c 2011. | ||
| 300 | |a xii, 205 leaves : |b ill. ; |c 30 cm. | ||
| 502 | |a Dissertation (M.Comp.Sc.) -- Jabatan Sistem dan Teknologi Komputer, Fakulti Sains Komputer dan Teknologi Maklumat, Universiti Malaya, 2011. | ||
| 504 | |a Bibliography: leaves 87-94. | ||
| 650 | 0 | |a Medical records |x Data processing |x Security measures. | |
| 650 | 0 | |a Medical informatics |x Security measures. | |
| 650 | 0 | |a Cryptography. | |
| 650 | 0 | |a Data encryption (Computer science). | |
| 710 | 2 | |a Universiti Malaya. |b Jabatan Sistem dan Teknologi Komputer. | |
| 900 | |a AT-ZA | ||
| 596 | |a 1 | ||
| 999 | |a QA76 UM 2011 ALA |w LC |c 1 |i A515057265 |d 27/2/2013 |f 27/2/2013 |g 1 |l STACKS |m P01UTAMA |r Y |s Y |t TESIS |u 25/2/2013 | ||
